[Event "Moscow op"]
[Site "Moscow"]
[Date "1995.??.??"]
[Round "6"]
[White "Yanvarjov, Igor"]
[Black "Kalinin, Alexander"]
[Result "1/2-1/2"]
[WhiteElo "2425"]
[BlackElo "2380"]
[PlyCount "56"]
[EventDate "1995.??.??"]
[EventType "swiss"]
[EventRounds "9"]
[EventCountry "RUS"]
[SourceTitle "EXT 2000"]
[Source "ChessBase"]
[SourceDate "1999.11.16"]
[SourceVersion "1"]
[SourceVersionDate "1999.11.16"]
[SourceQuality "1"]

1. d4 Nf6 2. c4 e6 3. Nf3 Bb4+ 4. Bd2 Qe7 5. g3 Nc6 6. Nc3 Bxc3 7. Bxc3 Ne4 8. Rc1 d6 9. Bg2 0-0 10. 0-0 Nxc3 11. Rxc3 e5 12. d5 Nb8 13. Nd2 a5 14. f4 Nd7 15. f5 Nf6 16. Ne4 Bd7 17. Nxf6+ Qxf6 18. Be4 Rfd8 19. Qd2 h6 20. h4 c5 21. Kg2 Kf8 22. Rcf3 Ke7 23. Rh1 h5 24. Qg5 Rh8 25. Rb3 b5 26. cxb5 a4 27. Rc3 Bxb5 28. Bf3 Bd7 1/2-1/2

[Event "Moscow op"]
[Site "Moscow"]
[Date "1994.??.??"]
[Round "7"]
[White "Miton, Kamil"]
[Black "Yanvarjov, Igor"]
[Result "0-1"]
[WhiteElo "2440"]
[BlackElo "2410"]
[PlyCount "90"]
[EventDate "1994.??.??"]
[EventType "swiss"]
[EventRounds "9"]
[EventCountry "RUS"]
[SourceTitle "EXT 1997"]
[Source "ChessBase"]
[SourceDate "1996.11.15"]
[SourceVersion "1"]
[SourceVersionDate "1996.11.15"]
[SourceQuality "1"]

1. d4 d6 2. c4 Nf6 3. Nc3 g6 4. e4 Bg7 5. f3 0-0 6. Be3 Nbd7 7. Bd3 c5 8. Nge2 cxd4 9. Nxd4 e6 10. 0-0 d5 11. cxd5 exd5 12. exd5 Nb6 13. Nb3 Nfxd5 14. Nxd5 Nxd5 15. Bc5 Re8 16. Bb5 Bd7 17. Bxd7 Qxd7 18. Bd4 Ne3 19. Bxe3 Qxd1 20. Rfxd1 Rxe3 21. Rd2 Rae8 22. Kf2 Bh6 23. Rad1 Rxb3 24. axb3 Be3+ 25. Ke2 Bxd2+ 26. Kxd2 Rd8+ 27. Kc2 Rxd1 28. Kxd1 Kg7 29. Kd2 Kf6 30. Kd3 Ke5 31. Kc4 Kf4 32. Kd3 h5 33. Ke2 a5 34. g3+ Ke5 35. Kd3 Kd5 36. Kc3 Kc5 37. b4+ axb4+ 38. Kd3 b3 39. Ke4 f5+ 40. Ke3 Kc4 41. h4 b6 42. Ke2 Kd4 43. Kd2 Kd5 44. Kd3 Ke5 45. Kc3 f4 0-1

[Event "Moscow op"]
[Site "Moscow"]
[Date "1994.??.??"]
[Round "4"]
[White "Yanvarjov, Igor"]
[Black "Najer, Evgeniy"]
[Result "1/2-1/2"]
[WhiteElo "2410"]
[BlackElo "2495"]
[PlyCount "42"]
[EventDate "1994.??.??"]
[EventType "swiss"]
[EventRounds "9"]
[EventCountry "RUS"]
[SourceTitle "EXT 1997"]
[Source "ChessBase"]
[SourceDate "1996.11.15"]
[SourceVersion "1"]
[SourceVersionDate "1996.11.15"]
[SourceQuality "1"]

1. d4 d5 2. Nf3 Nf6 3. c4 dxc4 4. e3 g6 5. Bxc4 Bg7 6. 0-0 0-0 7. b4 Nd5 8. a3 a5 9. bxa5 c5 10. Qb3 e6 11. Bb2 Nc6 12. Bxd5 Qxd5 13. Nbd2 Rxa5 14. Bc3 Ra6 15. Rfc1 cxd4 16. Qxd5 exd5 17. Bxd4 Nxd4 18. Nxd4 Bxd4 19. exd4 Ra4 20. Rc5 Be6 21. Nb3 Rfa8 1/2-1/2

[Event "Moscow4"]
[Site "Moscow"]
[Date "1991.??.??"]
[Round "?"]
[White "Kramnik, Vladimir"]
[Black "Yanvarjov, Igor"]
[Result "1-0"]
[WhiteElo "2480"]
[BlackElo "2395"]
[PlyCount "74"]
[EventDate "1991.??.??"]
[EventType "swiss"]
[EventRounds "9"]
[EventCountry "URS"]
[SourceTitle "TD"]
[Source "ChessBase"]
[SourceDate "1994.03.01"]
[SourceVersion "1"]
[SourceVersionDate "1994.03.01"]
[SourceQuality "1"]

1. c4 e6 2. Nc3 d5 3. d4 Be7 4. cxd5 exd5 5. Bf4 Nf6 6. e3 0-0 7. Bd3 b6 8. Nf3 Bb7 9. 0-0 c5 10. Ne5 Nc6 11. Rc1 a6 12. Qf3 Bd6 13. Rfd1 cxd4 14. Nxc6 Bxc6 15. Ne2 Ba4 16. b3 Bb5 17. Nxd4 Bxd3 18. Rxd3 Bxf4 19. Qxf4 Rc8 20. Rdc3 Rxc3 21. Rxc3 Qe7 22. Nf5 Qe4 23. Qxe4 dxe4 24. Rc6 Rd8 25. g3 Nd5 26. Nd6 b5 27. Rxa6 Nc3 28. a3 g6 29. Rc6 Kg7 30. Kg2 Nb1 31. Nxb5 Rd3 32. Rc7 Rxb3 33. Nd6 Rb6 34. Rxf7+ Kg8 35. Rb7 Rxd6 36. Rxb1 h5 37. a4 Ra6 1-0

[Event "Moscow7 op"]
[Site "Moscow"]
[Date "1991.??.??"]
[Round "?"]
[White "Yanvarjov, Igor"]
[Black "Glek, Igor Vladimirovich"]
[Result "1/2-1/2"]
[WhiteElo "2385"]
[BlackElo "2530"]
[PlyCount "72"]
[EventDate "1991.09.??"]
[EventType "swiss"]
[EventRounds "9"]
[EventCountry "URS"]
[SourceTitle "EXT 2000"]
[Source "ChessBase"]
[SourceDate "1999.11.16"]
[SourceVersion "1"]
[SourceVersionDate "1999.11.16"]
[SourceQuality "1"]

1. d4 Nf6 2. Nf3 g6 3. c4 Bg7 4. Nc3 0-0 5. e4 d6 6. Be2 e5 7. d5 a5 8. Bg5 h6 9. Bh4 Na6 10. Nd2 h5 11. Bg5 Qe8 12. h4 Nh7 13. Be3 Qe7 14. Nb3 b6 15. Qd2 f5 16. f3 Bd7 17. Nc1 Nf6 18. Nd3 fxe4 19. Nxe4 Nxe4 20. fxe4 Nc5 21. Nxc5 bxc5 22. 0-0-0 a4 23. Bg5 Qe8 24. Rdf1 Rf4 25. Bd3 Rb8 26. g3 Rxf1+ 27. Rxf1 Bh3 28. Rf2 Qd7 29. Bh6 Qg4 30. Bxg7 Kxg7 31. Qg5 Qxg5+ 32. hxg5 Bd7 33. Kc2 Rh8 34. Rh2 Rf8 35. Be2 Bg4 36. Kd3 Bxe2+ 1/2-1/2